000
00238nam a2200097Ia 4500
008
230508s1994 xx 000 0 und d
041
_a
eng
100
_a
MICROSOFT.
245
_a
MICROSOFT WINDOWS 3:1 GUIDE TO PROGRAMMERS.
260
_c
1994
999
_c
320178
_d
320178